|
|
|
|
| LEADER |
01769nam a22003257a 4500 |
| 001 |
34887 |
| 003 |
BD-DhAAL |
| 005 |
20230205130818.0 |
| 008 |
190725t2016 bg ||||| |||| 00| 0 ben d |
| 020 |
|
|
|a 984900781093
|
| 020 |
|
|
|a 9789849028673
|
| 040 |
|
|
|a BD-DhAAL
|c BD-DhAAL
|
| 041 |
|
|
|a ben
|
| 082 |
|
|
|a 891.441
|
| 100 |
|
|
|a মজুমদার, অতীন্দ্র
|9 33137
|
| 245 |
|
|
|a চর্যাপদ /
|c অতীন্দ্র মজুমদার.
|
| 260 |
|
|
|a ঢাকা :
|b সুচয়নী পাবলিশার্স ;
|b বিভাস,
|c ২০১৬, ২০১৭.
|
| 300 |
|
|
|a ১৯২ পৃষ্ঠা :
|c ২২ সে.মি.
|
| 504 |
|
|
|a গ্রন্থপঞ্জিগত নির্দেশিকা ও নির্ঘণ্ট অন্তর্ভুক্ত।
|
| 526 |
|
|
|a GenEd (Residential Campus)
|
| 541 |
|
|
|a Development Book Agency
|e 34887, 40795
|
| 600 |
|
|
|a Majumdar, Atindra
|d 1928-1993,
|t Chorjapod
|9 33138
|
| 650 |
|
|
|a Bengali poetry.
|9 33139
|
| 650 |
|
|
|a Bengali literature.
|
| 852 |
|
|
|a Ayesha Abed Library
|c General Stacks
|
| 942 |
|
|
|2 ddc
|c BK
|
| 999 |
|
|
|c 40957
|d 40957
|
| 952 |
|
|
|0 0
|1 0
|2 ddc
|4 0
|6 891_441000000000000_MAJ
|7 0
|9 65790
|a BRACUL
|b BRACUL
|c GEN
|d 2019-07-22
|e Development Book Agency
|g 170.00
|l 4
|m 22
|o 891.441 MAJ
|p 3010035007
|r 2025-08-21
|s 2025-08-17
|t 2
|v 170.00
|w 2019-07-22
|y BK
|
| 952 |
|
|
|0 0
|1 0
|2 ddc
|4 0
|6 891_441000000000000_MAJ
|7 0
|9 65858
|a SCL
|b SCL
|c GEN
|d 2019-07-24
|e Development Book Agency
|g 170.00
|l 8
|m 39
|o 891.441 MAJ
|p 3020034887
|r 2026-04-23
|s 2026-01-20
|t 1
|v 170.00
|w 2019-07-24
|y BK
|
| 952 |
|
|
|0 0
|1 0
|2 ddc
|4 0
|6 891_441000000000000_MAJ
|7 0
|9 72959
|a SCL
|b SCL
|c GEN
|d 2023-01-15
|e Development Book Agency
|g 212.00
|l 2
|m 2
|o 891.441 MAJ
|p 3020040795
|r 2024-06-03
|s 2024-05-28
|t 3
|v 212.00
|w 2023-01-15
|y BK
|